Visualizzazione normale
Vista MARC
- Gasser Ulrich
di Personal Name
Records bibliografici associati: 1
001 - CONTROL NUMBER
- control field: 15789
003 - CONTROL NUMBER IDENTIFIER
- control field: IT-RoPau
005 - DATE AND TIME OF LATEST TRANSACTION
- control field: 20140311223832.0
008 - FIXED-LENGTH DATA ELEMENTS
- fixed length control field: 140311|| aca||aabn | a|a d
040 ## - CATALOGING SOURCE
- Original cataloging agency: IT-RoPau
- Transcribing agency: IT-RoPau
100 ## - HEADING--PERSONAL NAME
- Personal name: Gasser Ulrich
- Dates associated with a name: Codice autore musica SPICS: 9903
- Relator term: Autore musica
- Name of part/section of a work: Baum Fels Eiswasser Und Fischstucke
670 ## - SOURCE DATA FOUND
- Source citation: Work cat.: (IT-RoPau)100895: Restagno Enzo 14371, Biennale musica 1985: Europa 50/80 generazioni a confronto-6